Statistics for Sweden's Prime Ministers Quiz

Click here to take the quiz!

General Stats

  • This quiz has been taken 902 times
    (254 since last reset)
  • The average score is 14 of 44

Answer Stats

TermPrime Minister% Correct
2021-Magdalena Andersson
91%
2014-2021Stefan Löfven
91%
1969-1976Olof Palme
88%
1982-1986Olof Palme
88%
2006-2014Fredrik Reinfeldt
81%
1991-1994Carl Bildt
73%
1996-2006Göran Persson
67%
1888-1889Gillis Bildt
61%
1936-1946Per Albin Hansson
54%
1932-1936Per Albin Hansson
54%
1946-1969Tage Erlander
52%
1986-1991Ingvar Carlsson
51%
1994-1996Ingvar Carlsson
51%
1979-1982Thorbjörn Fälldin
48%
1976-1978Thorbjörn Fälldin
48%
1924-1925Hjalmar Branting
40%
1920Hjalmar Branting
40%
1921-1923Hjalmar Branting
40%
1978-1979Ola Ullsten
36%
1920-1921Louis de Geer
30%
1876-1880Louis de Geer
30%
1914-1917Hjalmar Hammarskjöld
19%
1928-1930Arvid Lindman
16%
1906-1911Arvid Lindman
16%
1917-1920Nils Edén
14%
1921Oscar von Sydow
14%
1905-1906Karl Staaff
12%
1911-1914Karl Staaff
12%
1880-1883Arvid Posse
11%
1936Axel Pehrsson-Bramstorp
11%
1930-1932Carl Gustaf Ekman
11%
1926-1928Carl Gustaf Ekman
11%
1932Felix Hamrin
11%
1917Carl Swartz
10%
1925-1926Rickard Sandler
10%
1902-1905Erik Gustaf Boström
9%
1891-1900Erik Gustaf Boström
9%
1923-1924Ernst Trygger
9%
1883-1884Carl Johan Thyselius
5%
1884-1888Robert Themptander
5%
1905Christian Lundeberg
4%
1900-1902Fredrik von Otter
4%
1889-1891Gustaf Åkerhielm
4%
1905Johan Ramstedt
4%

Score Distribution

Percentile by Number Answered

Percent of People with Each Score

Your Score History

You have not taken this quiz since the last reset